• 首页
  • 本馆介绍
  • 公告通知
  • 最新文献
  • 馆藏检索
  • 电子资源
  • 读者导购
  • 参考咨询
  • 我的图书馆
  • 登录
  • 详细信息显示
  • 放入我的书架
  • 预约/预借图书
  • 作者相关作品
  • 分类相关作品
  • 丛书相关作品
  • 出版社相关作品

书目信息

  • 表格格式
  • 工作单格式
  • 卡片格式
题名:
雏鸡的孵化
    
 
作者: ;天津市食品公司养鸭场 编写
分册:  
出版信息: 天津   天津人民出版社  1974
页数: 78页
开本: 20cm
丛书名:
单 册:
中图分类: S831.3
科图分类:
主题词: 家禽
电子资源:
ISBN:
000 00624nam0 2200205 450
001 0653136479
005 20060816144659.50
010    @dCNY0.20
091    @a16072.1
100    @a20060816d1974 km y0chiy0120 ea
101 0  @achi
102    @aCN@b120000
200 1  @a雏鸡的孵化@Achu ji de fu hua@f天津市食品公司养鸭场 编写@Ftian jin shi shi pin gong si yang ya chang bian xie
210    @a天津@c天津人民出版社@d1974
215    @a78页@d20cm
606 0  @a家禽
690    @aS831.3@v3
711  0 @a天津市食品公司养鸭场@Atian jin shi shi pin gong si yang ya chang@4编写
801  0 @aCN@bPFT@c20060816
905    @a10447@dS831.3@e46
    
    雏鸡的孵化/天津市食品公司养鸭场 编写.-天津:天津人民出版社,1974
    78页;20cm
    
    
    ISBN :CNY0.20
    
●
相关链接 在E读中查询图书 在五车中查询图书 在当当中查询图书 在豆瓣中查询图书


正题名:雏鸡的孵化     索取号:S831.3/46         预约/预借

序号 登录号 条形码 馆藏地/架位号 状态 备注
1 0458692   204586929   密集书库/ [索取号:S831.3/46] 在馆    
唐山师范学院图书馆 欢迎您!
大连网信软件有限公司© 版权所有